MARC

LEADER 00000cam a2200000 7i4500
001 0000030053
005 20241202.0
008 220920 my o may
020 |a 9789831009222 
040 |a INS   |b eng   |e rda 
090 0 0 |a HC79.E5   |b P85 2017 
245 0 0 |a Pulau Pangkor :   |b antara pembangunan dan kelestarian   |c editor Jamilah Mohamad, Mariney Mohd Yusoff 
264 1 |a Kuala Lumpur :   |b Penerbit Universiti Malaya   |c 2017 
264 4 |c ©2017 
300 |a xxxvi, 283 pages :   |b colour photographs ;   |c 23 cm. 
336 |a text  |2 rdacontent 
337 |a unmediated  |2 rdamedia 
338 |a volume  |2 rdacarrier 
500 |a Includes index 
504 |a Bibliography: page 261-276 
650 0 |a Community development   |z Malaysia   |z Pulau Pangkor (Perak) 
650 0 |a Government publications   |z Malaysia 
650 0 |a Real estate development   |z Malaysia   |z Pulau Pangkor (Perak) 
651 0 |a Pulau Pangkor (Perak)   |x Description and travel 
651 0 |a Pulau Pangkor (Perak)   |x Economic conditions 
651 0 |a Pulau Pangkor (Perak, Malaysia)   |x Social conditions 
700 0 |a Jamilah Mohamad ,   |e editor 
700 0 |a Mariney Mohd. Yusoff ,   |e editor 
999 |a 1000004583   |b BOOK   |c Open Shelf   |e Default branch